| 000 | 00000nam##2200000za#4500 |
| 001 | 9.557735 |
| 003 | CaOODSP |
| 005 | 20210624172033 |
| 007 | cr ||||||||||| |
| 008 | 150406|1990||||xxc|||||o f|0| 0 eng|d |
| 040 | |aCaOODSP|beng |
| 043 | |an-cn--- |
| 086 | 1 |aNH18-22/90-210E-PDF |
| 110 | 2 |aCanada Mortgage and Housing Corporation. |
| 245 | 10|aSurvey of the medical impact on environmentally hypersensitive people of a change in habitat |h[electronic resource] |
| 260 | |aOttawa - Ontario : |bCanada Mortgage and Housing Corporation |
| 300 | |a2p. |
| 490 | 1 |aResearch and development highlights; technical series |v90-210 |
| 590 | |a09-06-Supp|b2009-07-27 |
| 775 | 08|tEnquête sur les conséquences d'un changement d'habitat pour la santé des personnes hypersensibles aux polluants environnementaux |w(CaOODSP)9.607587 |
| 830 | #0|aResearch and development highlights; technical series ;|v90-210|w(CaOODSP)9.504481 |
| 856 | 40|ahttp://publications.gc.ca|qPDF|s250 KB|uhttps://publications.gc.ca/collections/Collection/NH18-22-90-210E.pdf|y90-210 |